| 000 | 00578nam a2200229Ia 4500 | ||
|---|---|---|---|
| 008 | 160216s9999 xx 000 0 und d | ||
| 020 | _a81-8061-223-6 | ||
| 050 | _aMAIN QM 25 | ||
| 050 | _b.S56 2004 | ||
| 100 | _aSingh, Inderbir | ||
| 245 | _aAtlas of human anatomy / | ||
| 245 | _cInderbir Singh | ||
| 260 | _aNew Delhi, India : | ||
| 260 | _bJaypee Brothers Medical Publishers Ltd. | ||
| 260 | _c2004 | ||
| 300 | _a421 pages : | ||
| 300 | _bcol. ill. ; | ||
| 300 | _c28 cm. | ||
| 300 | _e+ CD ROM | ||
| 500 | _aIncludes index. | ||
| 650 | _aHuman anatomy. | ||
| 999 |
_c290889 _d290889 |
||